000 00612nam a2200241 a 4500
001 nice12345678
003 IN_TiNIC
005 20260116011843.0
008 050524s1958 lona grp 000 0 eng
020 _a
_c100
082 0 0 _a253
_bMOO
100 _aMoorman, John R H
245 _aCurate of Souls
_b Being a Collection Writings on the Nature and Work of Prie
260 _aLondon
_bSpck
_c1958
300 _a237p
500 _aincludes index and biblioraphy
505 2 _aBibliography
650 _aPastoralia
700 1 _aMoorman, John R H
902 _bSRS
942 _cBK
999 _c4461
_d4461